000 00584nam a2200193 i 4500
001 32403
003 ES-MaACL
005 20240606143521.0
007 t|
008 030131s1968 sp ||||1| spa d
100 1 _aBenito Ruano, Eloy.
_927689
245 1 0 _aAutógrafos de Jorge Manrique /
_cEloy Benito Ruano.
260 _a[Oviedo :
_bUniversidad,
_c1968]
300 _a5 h., 2 lám. ;
_c25 cm.
500 _aEs separata de: Archivum, XVIII, p. 107-116.
600 0 _aManrique, Jorge,
_d1440?-1479
_9178074
852 _aES-MaACL
_j2094-F-44
_bR.91113
999 _c32403
_d32403